000 00774nam a2200265 a 4500
001 24911
003 CO-ViMGA
008 141112s2004 ck r 000 u spa d
020 _a9789583801884
040 _aCO-ViMGA
_bspa
_cCO-ViMGA
041 _aSPA
090 _aA GOM2
100 1 _aGomi, Taro
_937351
245 1 0 _aEscapes /
_cTaro Gomi ; traducido por Francisco Segovia
250 _a1a ed., 4a reimpr.
260 _aBogotá :
_bFondo de Cultura Económica,
_c2012
300 _a16 p. : il. col. : il.
650 1 4 _aAUTORES JAPONESES
_937352
650 1 4 _aDESDE LOS 6 MESES
_937353
650 1 4 _aILUSTRADORES JAPONES
_937354
650 1 4 _aLIBROS DE IMAGENES
_929438
700 1 _aGomi, Taro
_937351
700 1 _aSegovia, Francisco
_937355
942 _2ddc
_cBK
999 _c2521
_d2521